| 000 | 01043nas a2200337 4500 | ||
|---|---|---|---|
| 001 | BR0302781 | ||
| 003 | BR-BrBNA | ||
| 005 | 20231205103832.0 | ||
| 007 | ta | ||
| 008 | 230509b bl.|||p| |||| 00| 00por d | ||
| 040 |
_aBR-BrBNA _bpor _cBiblioteca Nacional de Agricultura |
||
| 041 | _a(Pt) | ||
| 072 | _aP32; N20 | ||
| 100 | 1 | _aUcha, J.M. | |
| 100 | 1 | _aBotelho, M. | |
| 100 | 1 | _aVilas Boas, G.S. | |
| 100 | 1 | _aRibeiro, L.P. | |
| 100 | 1 | _aSantana, P.S. | |
| 245 | 1 | _aUso do radar penetrante no solo (GPR)na investigação dos solos dos tabuleiros costeiros no litoral Norte do Estado da Bahia | |
| 650 | _aSOLO | ||
| 650 | _aPEDOLOGIA | ||
| 650 | _aPERFIL DO SOLO | ||
| 650 | _aRADAR | ||
| 650 | _aANÁLISE COMPARATIVA | ||
| 650 | _aPROPRIEDADE FÍSICO-QUÍMICA | ||
| 650 | _aRECONHECIMENTO DO SOLO | ||
| 650 | _aBAHIA | ||
| 773 | 0 |
_tRevista Brasileira de Ciência do Solo (Brazil) _xISSN 0100-0683 _g(Apr-Jun 2002), v. 26(2) p. 373-380 _wBR0302781 |
|
| 909 |
_a202311 _bLúcia _c55 _dLúcia Elande |
||
| 942 |
_2AGRIS _n0 _cANA |
||
| 999 |
_c174981 _d174981 |
||